Fidelis, Malgorzata, 1971-. Women, communism, and industrialization in postwar Poland. - New York [u.a.]
| Titel: | Fidelis, Malgorzata, 1971-. Women, communism, and industrialization in postwar Poland. - New York [u.a.] : Cambridge Univ. Press. - 2010 [Rezension] |
|---|---|
| Verfasser: | |
| In: |
Journal of social history, Band 46, Heft 3 (2012 [2013]), Seite 800-801 alle Artikel anzeigen |
| Veröffentlicht: | 2012 [2013] |
| Format: | Aufsatz |
| Sprache: | Englisch |
X
alg: 39514099
001A $01999:12-11-16
001B $03025:12-06-23 $t10:11:50.000
001D $01999:12-11-16
001U $0utf8
001X $00
002@ $0Oox
003@ $0395140994
007A $0395140994 $aHEB
007T $0Herdc0110985m
009Q $uhttp://muse.jhu.edu/article/502067 $xH
010@ $aeng
011@ $a2013 $n2012 [2013]
021A $aFidelis, Malgorzata, 1971-. Women, communism, and industrialization in postwar Poland. - New York {[u.a.] $dCambridge Univ. Press. - 2010 [Rezension]
028A $aMazurek $dMałgorzata
031A $d46 $e3 $h800-801 $j2012 [2013]
039B $aIn $8--Obvc--. Journal of social history. - Oxford : Oxford University Press, 1967-. - Online-Ressource. - ISSN 1527-1897 $x201200000460003200 $9092463754
039T $8--Aau--Fidelis, Malgorzata$Z1971- [Tp3]. Women, communism, and industrialization in postwar Poland. - New York {[u.a.] : Cambridge Univ. Press, 2010. - XIV, 280 S.. - Ill.. - ISBN 978-0-521-19687-1 $9222232617
045F $a900.9438 $eDDC23BSB
045F/01 $a900
045F/03 $g438
045T $aROM $qDE-5 $2FID
045T $aROM $qDE-18 $2FID
lok: 39514099 78
exp: 39514099 78 1 #EPN
201B/01 $018-11-16 $t13:52:02.000
201U/01 $0utf8
203@/01 $0791439690
208@/01 $a12-11-16 $be
209A/01 $a/ $f000 $x00
220C/01 $aTitelaufnehmer: pg
220C/01 $aHerkunft: HI Marburg
244Z/01 $2Trx $#Poola $#Lenkija $#Polija $#Polen Land $#Poland $#Lengyelország $#Poľsko $#Polsko $8--Trx--Polska$gkraj $x01 $9391345966
244Z/01 $2Trx $#arvustused $#recenzijos $#Reviews $#recenziók $#recenzje $#recenzie $#recenze $8--Trx--Rezensionen $x02 $9391357441
244Z/01 $2Trx $8--Trx--elektronische Ressource $x03 $939138452X
247C/01 $82080>Marburg/Lahn, Herder-Institut, Forschungsbibliothek, Bibliographieportal $9336309341
| LEADER | 00000caa a22000002c 4500 | ||
|---|---|---|---|
| 001 | 395140994 | ||
| 003 | DE-603 | ||
| 005 | 20230612101150.0 | ||
| 007 | cr|||||||||||| | ||
| 008 | 161112s2013 xx |||| o| u00||u|eng c | ||
| 035 | |a (DE-599)HEB395140994 | ||
| 040 | |a DE-603 |b ger |c DE-603 |d DE-603 | ||
| 041 | |a eng | ||
| 082 | 0 | 4 | |8 1\u |a 900.9438 |q DE-101 |2 23/BSB |
| 084 | |a ROM |q DE-5 |2 fid | ||
| 084 | |a ROM |q DE-18 |2 fid | ||
| 085 | |8 1\u |b 900 | ||
| 085 | |8 1\u |z 2 |s 438 | ||
| 100 | 1 | |a Mazurek, Małgorzata | |
| 245 | 0 | 0 | |a Fidelis, Malgorzata, 1971-. Women, communism, and industrialization in postwar Poland. - New York [u.a.] |b Cambridge Univ. Press. - 2010 [Rezension] |
| 264 | 0 | |c 2012 [2013] | |
| 773 | 0 | 8 | |i In |t Journal of social history |d Oxford : Oxford University Press, 1967- |h Online-Ressource |x 1527-1897 |g Band 46, Heft 3 (2012 [2013]), Seite 800-801 |w (DE-603)092463754 |w (DE-600)2007084-6 |
| 787 | 0 | 8 | |i Rezension von |a Fidelis, Malgorzata, 1971- |t Women, communism, and industrialization in postwar Poland |d New York [u.a.] : Cambridge Univ. Press, 2010 |h XIV, 280 S., Ill. |z 9780521196871 |w (DE-603)222232617 |
| 856 | |u http://muse.jhu.edu/article/502067 |x Verlag | ||
| 924 | 1 | |9 2080 |a (DE-603)791439690 |b DE-2080 |c HES |d d |g / | |


